| 000 | 00506nam a2200181Ia 4500 | ||
|---|---|---|---|
| 003 | GCL | ||
| 008 | 140319s9999 xx 000 0 eng d | ||
| 040 |
_aGCL / _cGCL |
||
| 082 | 0 | 4 |
_aCC _b932.014 _bB A |
| 100 | 1 | _aBUDGE, WALLIS | |
| 245 | 1 | 0 |
_aAN ACCOUNT OF THE SACORHAGUS OF SET I.KING OF EGYPT,B.C.1370 / _cBUDGE, WALLIS |
| 260 |
_a[S.N] : _bORDER OF THE TRUSTEES ، _c1908 |
||
| 300 | _a122P | ||
| 650 | 0 | 4 | _aEGYPTOLOGY |
| 650 | 0 | 4 | _aANCIENT EGYPTIAN |
| 650 | 0 | 4 | _aHISTORY, ANCIENT |
| 942 |
_2ddc _cBK |
||
| 999 |
_c12287 _d12287 |
||